[Event "GMA"]
[Site "?"]
[Date "2003.01.16"]
[Round "?"]
[White "Shirov, Alexei"]
[Black "Kramnik, Vladimir"]
[WhiteElo "2723"]
[BlackElo "2807"]
[Result "1-0"]

1. e4 c5 2. Nf3 Nc6 3. d4 cxd4 4. Nxd4 Nf6 5. Nc3 e5 6. Ndb5 d6 7. Bg5 a6 8. Na3 b5 9. Bxf6 gxf6 10. Nd5 f5 11. Bd3 Be6 12. O-O Bxd5 13. exd5 Ne7 14. c3 Bg7 15. Qh5 e4 16. Bc2 O-O 17. Rae1 Qc8 18. Bb3 a5 19. Qg5 Qb7 20. f3 h6 21. Qg3 a4 22. Bc2 b4 23. Nc4 Qxd5 24. fxe4 Qxc4 25. exf5 Nd5 26. f6 Nxf6 27. Rxf6 Rae8 28. Ref1 Re2 29. Bd3 Qc5+ 30. Kh1 Re3 31. R6f3 Rxf3 32. Qxf3 bxc3 33. bxc3 Qe5 34. c4 Kh8 35. Bc2 Qa5 36. Qd3 f5 37. Qxd6 Qc3 38. Bd3 Qd2 39. c5 Qxa2 40. c6 Rg8 41. Qg6 Rf8 42. c7 Qg8 43. Qc6 Rc8 44. Ba6 

1-0

[Event "5th Sofia MTel Masters"]
[Site "?"]
[Date "2009.05.23"]
[Round "?"]
[White "Shirov, Alexei"]
[Black "Carlsen, Magnus"]
[WhiteElo "2745"]
[BlackElo "2770"]
[Result "1-0"]

1. e4 c5 2. Nf3 Nc6 3. d4 cxd4 4. Nxd4 Nf6 5. Nc3 e5 6. Ndb5 d6 7. Bg5 a6 8. Na3 b5 9. Bxf6 gxf6 10. Nd5 Bg7 11. Bd3 Ne7 12. Nxe7 Qxe7 13. c4 f5 14. O-O O-O 15. Qh5 Rb8 16. exf5 e4 17. Rae1 Bb7 18. Qg4 Rfe8 19. cxb5 d5 20. bxa6 Bc6 21. b3 Kh8 22. Nc2 Be5 23. Be2 d4 24. Bc4 Rg8 25. Qh3 Rg7 26. g3 Rbg8 27. Qh6 Qc7 28. Nb4 Ba8 29. Nd5 Qd8 30. Rxe4 

1-0

[Event "7th Amber-Rapid"]
[Site "?"]
[Date "1998.03.17"]
[Round "?"]
[White "Shirov, Alexei"]
[Black "Anand, Viswanathan"]
[WhiteElo "2710"]
[BlackElo "2770"]
[Result "1-0"]

1. e4 c5 2. Nf3 d6 3. d4 cxd4 4. Nxd4 Nf6 5. Nc3 Nc6 6. Bg5 e6 7. Qd2 Be7 8. O-O-O Nxd4 9. Qxd4 O-O 10. f4 Qa5 11. Kb1 Rd8 12. h4 Bd7 13. Bd3 h6 14. e5 dxe5 15. fxe5 Bc6 16. Qe3 Rxd3 17. Rxd3 hxg5 18. hxg5 Bxg2 19. gxf6 Bxh1 20. Qg1 

1-0

[Event "5th MTel Masters"]
[Site "?"]
[Date "2009.05.19"]
[Round "?"]
[White "Shirov, Alexei"]
[Black "Ivanchuk, Vassily"]
[WhiteElo "2745"]
[BlackElo "2746"]
[Result "1-0"]

1. e4 e5 2. Nf3 Nc6 3. Bb5 a6 4. Ba4 Nf6 5. O-O Nxe4 6. d4 b5 7. Bb3 d5 8. dxe5 Be6 9. Nbd2 Be7 10. Re1 Nc5 11. c3 d4 12. Bc2 O-O 13. cxd4 Nxd4 14. Nxd4 Qxd4 15. Nf3 Qxd1 16. Rxd1 Rfd8 17. Nd4 Bd5 18. Nf5 Bf8 19. Bg5 Rd7 20. Ne7+ Bxe7 21. Bxe7 Rxe7 22. Rxd5 Ne6 23. g3 g6 24. f4 c5 25. Kf2 Kg7 26. Rad1 c4 27. Ke3 f6 28. Rd7 Kf7 29. Be4 Re8 30. Rxe7+ Rxe7 31. exf6 Kxf6 32. Rd6 Kg7 33. f5 gxf5 34. Bxf5 Nf8+ 35. Kd2 Re5 36. g4 a5 37. Ra6 a4 38. Rb6 Ng6 39. Kc3 Ne7 40. Rb7 Kf6 41. Bxh7 Kg5 42. h3 Kf4 43. Rd7 Re2 44. a3 Nc6 45. Rf7+ Kg3 46. g5 Re3+ 47. Kd2 Rb3 48. g6 Rxb2+ 49. Kc1 

1-0

[Event "4th ACP World Rapid Cup"]
[Site "?"]
[Date "2010.05.28"]
[Round "?"]
[White "Shirov, Alexei"]
[Black "Karjakin, Sergey"]
[WhiteElo "2742"]
[BlackElo "2739"]
[Result "1-0"]

1. e4 e5 2. Nf3 Nc6 3. Bb5 a6 4. Ba4 Nf6 5. O-O Be7 6. Re1 b5 7. Bb3 O-O 8. h3 d6 9. c3 Re8 10. d4 Bb7 11. Nbd2 Bf8 12. d5 Nb8 13. Nf1 Nbd7 14. N3h2 c6 15. dxc6 Bxc6 16. Bg5 h6 17. Bxf6 Nxf6 18. Ng3 d5 19. exd5 Bxd5 20. Ng4 Bxb3 21. axb3 Nxg4 22. Qxg4 a5 23. Rad1 Qf6 24. Rd5 b4 25. c4 a4 26. bxa4 Rxa4 27. c5 Qc6 28. Rdxe5 Rxe5 29. Rxe5 b3 30. Qf5 g6 31. Qd3 Bg7 32. Rd5 Rb4 33. Rd8+ Kh7 34. Rd7 Rb7 35. Rxb7 Qxb7 36. Qc4 Be5 37. c6 Qc7 38. Ne4 Bxb2 39. Nd2 Qd6 40. c7 Qxd2 41. Qxf7+ Bg7 42. c8=Q 

1-0

[Event "World Blitz"]
[Site "?"]
[Date "2007.11.22"]
[Round "?"]
[White "Shirov, Alexei"]
[Black "Gelfand, Boris"]
[WhiteElo "2739"]
[BlackElo "2736"]
[Result "1-0"]

1. e4 e6 2. d4 d5 3. Nd2 c5 4. exd5 exd5 5. Bb5+ Bd7 6. Qe2+ Be7 7. Ngf3 cxd4 8. O-O Nf6 9. Re1 Nc6 10. b3 Kf8 11. Bb2 Bc5 12. Bxc6 bxc6 13. Nxd4 Bd6 14. N4f3 Qc7 15. c4 h5 16. cxd5 Nxd5 17. Nc4 Bb4 18. Be5 Qd8 19. Qb2 f6 20. Bd6+ Bxd6 21. Nxd6 h4 22. Nd4 Qc7 23. Ne6+ Bxe6 24. Rxe6 Nf4 25. Rxf6+ gxf6 26. Qxf6+ Kg8 27. Qxf4 Rh7 28. Re1 Rf8 29. Qc4+ Kh8 30. Re6 Qg7 31. h3 Rh5 32. Qe4 Qh7 33. Qxc6 Rg5 

1-0

[Event "Corsica Masters KO"]
[Site "?"]
[Date "2003.11.02"]
[Round "?"]
[White "Shirov, Alexei"]
[Black "Topalov, Veselin"]
[WhiteElo "2737"]
[BlackElo "2735"]
[Result "1-0"]

1. e4 c5 2. Nf3 Nc6 3. c3 Nf6 4. e5 Nd5 5. Bc4 Nb6 6. Bb3 d5 7. exd6 Qxd6 8. O-O Be6 9. Na3 Bxb3 10. axb3 Qd3 11. Re1 e6 12. Re3 Qd7 13. Nc4 Nxc4 14. bxc4 Rd8 15. b3 Be7 16. Bb2 O-O 17. Qc2 Qc7 18. d4 cxd4 19. cxd4 Bf6 20. Rd1 Ne7 21. Qe2 b5 22. Ba3 bxc4 23. bxc4 Rfe8 24. d5 Nf5 25. Re4 Nd6 26. Bxd6 Rxd6 27. Re1 h6 28. g3 a5 29. Qa2 Re7 30. dxe6 Rexe6 31. Rxe6 Rxe6 32. Rxe6 fxe6 33. Qa4 Qb6 34. h4 Kf8 35. Qd7 Qc5 36. Qxe6 a4 37. g4 a3 38. Qa6 Bb2 39. Kg2 Qc7 40. g5 Qf4 41. Qc8+ Ke7 42. c5 h5 43. Qb7+ Ke6 44. Qb3+ Kd7 45. Qd5+ Kc7 46. g6 a2 47. Qf7+ Kc8 48. Qxf4 

1-0

[Event "Spanish Championship CECLUB Final"]
[Site "?"]
[Date "2008.11.01"]
[Round "?"]
[White "Shirov, Alexei"]
[Black "Karjakin, Sergey"]
[WhiteElo "2726"]
[BlackElo "2730"]
[Result "1-0"]

1. e4 e5 2. Nf3 Nc6 3. Bb5 Nf6 4. O-O Nxe4 5. d4 Nd6 6. Bxc6 dxc6 7. dxe5 Nf5 8. Qxd8+ Kxd8 9. Nc3 Ne7 10. h3 Ng6 11. Bg5+ Ke8 12. Rad1 Bd7 13. Nd4 h6 14. Bc1 Be7 15. f4 h5 16. Rfe1 Nh4 17. Ne4 Kf8 18. Ng5 Bxg5 19. fxg5 Ng6 20. b3 Ke8 21. e6 Bxe6 22. Bb2 Rg8 23. Nf5 Kf8 24. Ba3+ Ke8 25. Bb2 Kf8 26. Rd7 c5 27. Bxg7+ Ke8 28. Rxc7 Kd8 29. Rxc5 Bxf5 30. Bf6+ Kd7 31. Rxf5 Rae8 32. Rd1+ Kc8 33. Rc5+ Kb8 34. Rd7 Rc8 35. Rxc8+ Rxc8 36. Rxf7 Rxc2 37. Bd4 Rxa2 38. Rg7 Ra6 39. Bf6 Nh4 40. Be5+ Kc8 41. Rc7+ Kd8 42. Rh7 

1-0

[Event "GMA"]
[Site "?"]
[Date "2003.01.19"]
[Round "?"]
[White "Shirov, Alexei"]
[Black "Bareev, Evgeny"]
[WhiteElo "2723"]
[BlackElo "2729"]
[Result "1-0"]

1. e4 e6 2. d4 d5 3. Nc3 Nf6 4. e5 Nfd7 5. f4 c5 6. Nf3 Nc6 7. Be3 cxd4 8. Nxd4 Bc5 9. Qd2 Bxd4 10. Bxd4 Nxd4 11. Qxd4 Qb6 12. Qd2 Qxb2 13. Rb1 Qa3 14. Nb5 Qxa2 15. Nd6+ Kf8 16. Rd1 Qb2 17. Be2 Qb6 18. c4 d4 19. Bf3 a5 20. O-O d3+ 21. Kh1 Qd4 22. Nb5 Qc5 23. Qxd3 g6 24. Nd6 Nb6 25. Rb1 Kg7 26. Rb5 Qc7 27. Qd4 Nd7 28. f5 gxf5 29. Nxf5+ exf5 30. e6+ Ne5 31. Rxe5 f6 32. Rxf5 Rf8 33. Bd5 Qe7 34. Rh5 Kh8 35. Be4 Bxe6 36. Rxh7+ Qxh7 37. Bxh7 Kxh7 38. Qe4+ 

1-0

[Event "World Blitz"]
[Site "?"]
[Date "2007.11.21"]
[Round "?"]
[White "Shirov, Alexei"]
[Black "Kamsky, Gata"]
[WhiteElo "2739"]
[BlackElo "2714"]
[Result "1-0"]

1. e4 c5 2. Nf3 e6 3. d4 cxd4 4. Nxd4 a6 5. Bd3 g6 6. b3 Bg7 7. Bb2 Nf6 8. O-O d6 9. Nd2 O-O 10. a4 b6 11. a5 bxa5 12. Nc4 Bb7 13. Re1 Nc6 14. Nxc6 Bxc6 15. Nxa5 Qc7 16. e5 dxe5 17. Bxe5 Qb6 18. Nxc6 Qxc6 19. Ra4 Rfd8 20. Qa1 Nh5 21. Bxg7 Nxg7 22. Be4 Qb5 23. Bxa8 Rxa8 24. Qe5 Qb6 25. g4 h5 26. h3 Rd8 27. Rea1 Rd5 28. Rxa6 Qb4 29. Ra8+ Kh7 30. Qb8 Qxb8 31. Rxb8 hxg4 32. hxg4 Rd4 33. f3 Rd2 34. Ra7 

1-0

[Event "World Cup"]
[Site "?"]
[Date "2007.12.06"]
[Round "?"]
[White "Shirov, Alexei"]
[Black "Jakovenko, Dmitry"]
[WhiteElo "2739"]
[BlackElo "2710"]
[Result "1-0"]

1. e4 e5 2. Nf3 Nc6 3. Bb5 a6 4. Ba4 Nf6 5. O-O Be7 6. Re1 b5 7. Bb3 O-O 8. c3 d5 9. exd5 Nxd5 10. Nxe5 Nxe5 11. Rxe5 c6 12. d3 Bd6 13. Re1 Bf5 14. Qf3 Qh4 15. g3 Qh3 16. Bxd5 cxd5 17. Qxd5 Rad8 18. Qg2 Qh5 19. Be3 Bxd3 20. Nd2 Bf5 21. Qc6 Be6 22. Qxa6 Qd5 23. Qb6 Bh3 24. f3 f5 25. Qd4 Qc6 26. Qh4 Bc5 27. Bd4 Bxd4+ 28. cxd4 Qc2 29. Red1 Qxb2 30. Qxh3 Qxd4+ 31. Kh1 Rd5 32. Qf1 Rfd8 33. Rac1 Qd3 34. Qe1 h6 35. Kg2 Qa3 36. Nb1 Qxa2+ 37. Kh3 b4 38. Qe6+ Kh7 39. Rc7 f4 40. Qe4+ Kh8 41. Rxd5 Qxd5 42. Qxd5 Rxd5 43. Rc2 

1-0

[Event "European Rapid"]
[Site "?"]
[Date "2016.12.15"]
[Round "?"]
[White "Shirov, Alexei"]
[Black "Ponomariov, Ruslan"]
[WhiteElo "2673"]
[BlackElo "2709"]
[Result "1-0"]

1. e4 c5 2. Nf3 d6 3. d4 cxd4 4. Nxd4 Nf6 5. Nc3 a6 6. Be3 e5 7. Nb3 Be6 8. h3 Be7 9. g4 O-O 10. g5 Nfd7 11. Qd2 a5 12. a4 Nb6 13. O-O-O N8d7 14. Kb1 Qc7 15. f4 exf4 16. Bxf4 Ne5 17. Nb5 Qc6 18. N3d4 Qxe4 19. Bg2 Qg6 20. Nxe6 fxe6 21. Nxd6 Bxd6 22. Qxd6 Rxf4 23. Qxb6 Rc8 24. Rd8+ Rxd8 25. Qxd8+ Rf8 26. Qxa5 Rc8 27. Rc1 Nc4 28. Qb5 b6 29. Qd7 Rf8 30. Re1 Qxg5 31. Qxe6+ Kh8 32. Qxc4 Qxg2 33. Qf7 Qa8 34. Qd7 Rd8 35. Qc7 Rc8 36. Qxb6 Qxa4 37. b3 Qa8 38. Qe6 h6 39. Kb2 Qb7 40. Re4 Ra8 41. Rc4 Rf8 42. Qe5 Qf7 43. h4 Qf1 44. Rc6 Kh7 45. Qe4+ Kh8 46. Qd4 Kh7 47. Qe4+ Kh8 48. Qe5 Kh7 49. Rc7 Qg2 50. Re7 Qg6 51. h5 Qg5 52. Qe4+ Kg8 53. Re5 Qf6 54. Qd5+ Kh8 55. Qe6 Qf1 56. Qc6 Kh7 57. Qg6+ Kg8 58. Re7 Qf6+ 59. Qxf6 gxf6 60. b4 f5 61. b5 f4 62. Kb3 f3 63. Re1 Kf7 64. Kc4 f2 65. Rf1 Ke6 66. b6 Kd7 67. Kb5 Rf5+ 68. Ka6 Kc6 69. b7 

1-0

[Event "42nd Italian Championship Masters"]
[Site "?"]
[Date "2010.05.01"]
[Round "?"]
[White "Shirov, Alexei"]
[Black "Vallejo Pons, Francisco"]
[WhiteElo "2737"]
[BlackElo "2708"]
[Result "1-0"]

1. e4 e5 2. Nf3 Nc6 3. Bb5 Nf6 4. O-O Nxe4 5. d4 Nd6 6. Bxc6 dxc6 7. dxe5 Nf5 8. Qxd8+ Kxd8 9. Nc3 h6 10. h3 Be6 11. g4 Ne7 12. Nd4 Bd7 13. f4 Nd5 14. Nxd5 cxd5 15. f5 c5 16. Nf3 g5 17. fxg6 fxg6 18. Nh4 Be8 19. Rxf8 Rxf8 20. Bxh6 Rg8 21. e6 d4 22. Re1 Bc6 23. Kf2 Ke7 24. Bg5+ Kd6 25. Bf4+ Ke7 26. Bg5+ Kd6 27. e7 Kd7 28. Kg3 Rac8 29. Kf4 Bd5 30. b3 Rc6 31. Re5 Bf7 32. Nf3 Rgc8 33. h4 Ke8 34. Nd2 Be6 35. h5 gxh5 36. gxh5 b5 37. h6 c4 38. Rxb5 c3 39. Nf3 d3 40. h7 Kf7 41. e8=Q+ Rxe8 42. Ne5+ Kg7 43. Rb7+ Bf7 44. Rxf7+ Kh8 45. Nxc6 Re6 46. Nd4 

1-0

[Event "European Rapid"]
[Site "?"]
[Date "2016.12.16"]
[Round "?"]
[White "Shirov, Alexei"]
[Black "Najer, Evgeniy"]
[WhiteElo "2673"]
[BlackElo "2679"]
[Result "1-0"]

1. d4 d5 2. c4 c6 3. Nf3 Nf6 4. e3 Bg4 5. h3 Bh5 6. Nc3 e6 7. Qb3 Qb6 8. g4 Bg6 9. Ne5 Nbd7 10. Nxg6 hxg6 11. Be2 g5 12. Bd2 Be7 13. O-O-O Qxb3 14. axb3 O-O-O 15. f3 Nf8 16. e4 dxc4 17. Bxg5 cxb3 18. Bc4 Nd5 19. Bxe7 Nxe7 20. h4 Nfg6 21. h5 Nf4 22. Bxb3 g6 23. h6 f6 24. h7 Rd7 25. Rh6 Kd8 26. e5 fxe5 27. Ne4 exd4 28. Nc5 e5 29. Re1 b6 30. Ne6+ Nxe6 31. Bxe6 Rd6 32. Rxe5 c5 33. f4 Nc6 34. Re4 d3 35. Bf7 Ne7 36. f5 d2+ 37. Kd1 gxf5 38. Rxd6+ Kc7 39. Rxe7+ Kxd6 40. Re6+ Kd7 41. Rh6 

1-0

[Event "Amber Rapidplay"]
[Site "?"]
[Date "2002.03.28"]
[Round "?"]
[White "Kramnik, Vladimir"]
[Black "Shirov, Alexei"]
[WhiteElo "2809"]
[BlackElo "2715"]
[Result "0-1"]

1. d4 d5 2. c4 c6 3. Nf3 Nf6 4. Nc3 e6 5. Bg5 dxc4 6. e4 b5 7. e5 h6 8. Bh4 g5 9. Nxg5 hxg5 10. Bxg5 Nbd7 11. g3 Rg8 12. h4 Rxg5 13. hxg5 Nd5 14. g6 fxg6 15. Qg4 Qe7 16. Bg2 Kd8 17. Qxg6 Qb4 18. Qc2 Qa5 19. O-O N7b6 20. Ne4 Kc7 21. Nf6 Qb4 22. Qg6 Nxf6 23. exf6 Bd7 24. Rae1 Qxb2 25. Qf7 Re8 26. Bh3 Bd6 27. Bxe6 Qxd4 28. Rd1 Qc5 29. Bxd7 Rf8 30. Qg7 Nxd7 31. f7 Ne5 

0-1

[Event "5th Zurich Opening Blitz"]
[Site "?"]
[Date "2016.02.12"]
[Round "?"]
[White "Aronian, Levon"]
[Black "Shirov, Alexei"]
[WhiteElo "2792"]
[BlackElo "2684"]
[Result "0-1"]

1. c4 c6 2. Nf3 d5 3. g3 Nf6 4. Bg2 Bg4 5. Ne5 e6 6. cxd5 exd5 7. Nxg4 Nxg4 8. O-O Nf6 9. d3 Bc5 10. Qc2 Bb6 11. e4 O-O 12. Nc3 Na6 13. a3 Nc5 14. exd5 Nxd5 15. Nxd5 cxd5 16. Be3 Rc8 17. Rac1 Qd7 18. Bxc5 Rxc5 19. Qxc5 Bxc5 20. Rxc5 Rc8 21. Rxd5 Qe7 22. Bh3 Rc7 23. Rd4 g6 24. Re4 Qd6 25. Rfe1 Rc2 26. R4e2 Rxe2 27. Rxe2 Qxd3 28. Bf1 Qd4 29. h4 Kg7 30. b4 b6 31. Re7 a5 32. bxa5 bxa5 33. Re3 Qc5 34. Rf3 f5 35. Bg2 Kf6 36. Kh2 h6 37. Kg1 g5 38. hxg5+ hxg5 39. Bh3 f4 40. gxf4 Qc1+ 41. Kh2 gxf4 42. Bg2 Qd2 43. Kg1 Ke5 44. Rh3 Qd1+ 45. Kh2 Qe1 46. Rf3 Qd2 47. Kg1 Kd4 48. Kh2 a4 49. Kg1 Qd1+ 50. Kh2 Ke5 51. Rh3 Kf5 52. Bf3 Qc1 53. Bg2 Kf6 54. Rd3 Qc5 55. Rf3 Kg5 56. Bh3 Qd4 57. Kg1 Qd1+ 58. Kg2 Qd5 59. Bc8 Kh4 60. Bh3 Kg5 61. Bc8 Qc6 62. Bh3 Kh5 63. Bf5 Kh4 64. Bh3 Kg5 

0-1

[Event "WCC Cand"]
[Site "?"]
[Date "1998.06.04"]
[Round "?"]
[White "Kramnik, Vladimir"]
[Black "Shirov, Alexei"]
[WhiteElo "2790"]
[BlackElo "2710"]
[Result "0-1"]

1. d4 Nf6 2. c4 g6 3. f3 d5 4. cxd5 Nxd5 5. e4 Nb6 6. Nc3 Bg7 7. Be3 O-O 8. Qd2 e5 9. d5 c6 10. h4 h5 11. Be2 cxd5 12. exd5 N8d7 13. d6 Nf6 14. Bg5 Re8 15. Rd1 Be6 16. Nh3 Nc4 17. Bxc4 Bxc4 18. b3 Ba6 19. Nd5 e4 20. Nxf6+ Bxf6 21. d7 Qb6 22. dxe8=Q+ Rxe8 23. Qe3 Bxg5 24. Qxb6 Bxh4+ 25. Kd2 axb6 26. fxe4 Rxe4 27. Kc2 Rg4 28. Rd2 Be7 29. Rg1 Kg7 30. Nf2 Rf4 31. Nd3 Re4 32. Rgd1 Bb5 33. a4 Bc6 34. Re1 Rxe1 35. Nxe1 Bb4 36. Re2 Bxe1 37. Rxe1 Bxg2 38. Kd2 h4 39. Ke3 Bd5 40. b4 h3 41. Re2 f5 42. Rd2 Be4 43. Kf4 Bg2 44. Rd7+ Kf6 45. Rh7 g5+ 46. Kg3 f4+ 47. Kg4 Ke5 48. b5 

0-1

[Event "Amber Rapidplay"]
[Site "?"]
[Date "2000.03.18"]
[Round "?"]
[White "Anand, Viswanathan"]
[Black "Shirov, Alexei"]
[WhiteElo "2769"]
[BlackElo "2751"]
[Result "0-1"]

1. e4 e6 2. d4 d5 3. Nc3 Nf6 4. e5 Nfd7 5. f4 c5 6. Nf3 Nc6 7. Be3 cxd4 8. Nxd4 Bc5 9. Qd2 O-O 10. O-O-O a6 11. Nce2 Na5 12. Ng3 b5 13. b3 Bb7 14. Kb1 Rc8 15. h4 Nc6 16. Nge2 Qe7 17. Nxc6 Rxc6 18. Nd4 Rc7 19. Bd3 Bb4 20. Qe2 Nc5 21. f5 Bc3 22. f6 gxf6 23. Bxh7+ Kxh7 24. Qh5+ Kg8 25. Qg4+ Kh7 26. Bg5 Rh8 27. Bxf6 Qf8 28. Qh5+ Qh6 29. Qxh6+ Kxh6 30. Bxh8 Ne4 31. Rhf1 Nd2+ 32. Rxd2 Bxd2 33. Bf6 Be3 34. Rd1 Kh5 35. Rd3 Bf2 36. Kc1 b4 37. Kd1 Rc3 38. Rxc3 bxc3 39. Ke2 Bxd4 

0-1

[Event "Hrokurinn"]
[Site "?"]
[Date "2003.02.25"]
[Round "?"]
[White "Adams, Mi"]
[Black "Shirov, Alexei"]
[WhiteElo "2734"]
[BlackElo "2723"]
[Result "0-1"]

1. e4 c5 2. Nf3 Nc6 3. Bb5 e6 4. Bxc6 bxc6 5. b3 Ne7 6. Bb2 Ng6 7. h4 h5 8. e5 d6 9. exd6 Qxd6 10. Qe2 f6 11. Qe4 Kf7 12. Nc3 e5 13. O-O-O Be7 14. d3 Be6 15. g3 Rad8 16. Rhf1 Bh3 17. Rg1 Bg4 18. Rde1 Qe6 19. Nd2 Rd4 20. Qg2 Rhd8 21. f3 Bh3 22. Qf2 Bf5 23. Nce4 Qd7 24. Nc4 Be6 25. g4 hxg4 26. fxg4 Bxc4 27. dxc4 Nf4 28. Qf3 a5 29. a4 Qb7 30. g5 Rb8 31. gxf6 gxf6 32. Rg4 Nd3+ 33. cxd3 Qxb3 34. Qg2 Bf8 35. Rg6 Qxd3 36. Rxf6+ Ke7 37. Bxd4 Rb1# 

0-1

[Event "GMA"]
[Site "?"]
[Date "2003.01.15"]
[Round "?"]
[White "Ponomariov, Ruslan"]
[Black "Shirov, Alexei"]
[WhiteElo "2734"]
[BlackElo "2723"]
[Result "0-1"]

1. d4 d5 2. c4 c6 3. Nf3 Nf6 4. Nc3 e6 5. Bg5 dxc4 6. e4 b5 7. e5 h6 8. Bh4 g5 9. Nxg5 hxg5 10. Bxg5 Nbd7 11. g3 Bb7 12. Bg2 Qb6 13. exf6 O-O-O 14. O-O c5 15. d5 b4 16. Na4 Qb5 17. a3 exd5 18. axb4 cxb4 19. Be3 Nc5 20. Qg4+ Rd7 21. Qg7 Bxg7 22. fxg7 Rg8 23. Nxc5 Rxg7 24. Nxd7 Qxd7 25. Rxa7 Rg6 26. Rfa1 Re6 27. Bd4 Re2 28. h4 Rd2 29. Be3 Rxb2 30. R1a5 b3 31. Rc5+ Kd8 32. Rxb7 Qxb7 33. Rxd5+ Qxd5 34. Bxd5 Rb1+ 35. Kg2 b2 36. Be4 Rd1 37. Bg5+ Ke8 38. Bf6 b1=Q 39. Bxb1 Rxb1 40. h5 Kf8 41. g4 Rd1 42. Bb2 Kg8 

0-1

[Event "Rapid KO Final"]
[Site "?"]
[Date "2004.06.06"]
[Round "?"]
[White "Svidler, Peter"]
[Black "Shirov, Alexei"]
[WhiteElo "2733"]
[BlackElo "2713"]
[Result "0-1"]

1. e4 e6 2. d4 d5 3. e5 c5 4. c3 Qb6 5. Nf3 Bd7 6. Be2 Bb5 7. dxc5 Bxc5 8. b4 Bxf2+ 9. Kf1 Bd7 10. Qd2 Nh6 11. Bd3 Ng4 12. Qg5 Bb5 13. c4 Bg3 

0-1

[Event "Amber Blindfold"]
[Site "?"]
[Date "2003.03.18"]
[Round "?"]
[White "Bareev, Evgeny"]
[Black "Shirov, Alexei"]
[WhiteElo "2729"]
[BlackElo "2723"]
[Result "0-1"]

1. c4 Nf6 2. Nf3 g6 3. g3 Bg7 4. Bg2 O-O 5. Nc3 d6 6. d3 e5 7. O-O Nc6 8. Rb1 a5 9. a3 Re8 10. Bg5 h6 11. Bxf6 Bxf6 12. b4 axb4 13. axb4 Bg7 14. b5 Ne7 15. Qc2 c6 16. Nd2 d5 17. Rfc1 Be6 18. Na4 dxc4 19. Nc5 cxd3 20. exd3 Bc8 21. Nc4 Nf5 22. Nb6 Nd4 23. Qd1 Ra2 24. Kh1 Nxb5 25. Nxc8 Qxc8 26. Nxb7 Qxb7 27. Bxc6 Qa7 28. Qg1 Nd4 29. Bxe8 Qa8+ 30. Qg2 Qxe8 31. Rc7 Qe6 32. Rcb7 Qf5 

0-1

[Event "4th Amber-Rapid"]
[Site "?"]
[Date "1995.??.??"]
[Round "?"]
[White "Kramnik, Vladimir"]
[Black "Shirov, Alexei"]
[WhiteElo "2715"]
[BlackElo "2710"]
[Result "0-1"]

1. e4 g6 2. d4 Bg7 3. c3 d6 4. Bg5 Nf6 5. Nd2 O-O 6. Ngf3 c5 7. dxc5 dxc5 8. Be2 Nc6 9. O-O b6 10. Qc2 Bb7 11. Rfe1 Qc7 12. Bf1 Ng4 13. Bh4 Rad8 14. Bg3 Nge5 15. a4 Qc8 16. Nxe5 Bxe5 17. f4 Bg7 18. Nc4 Qe6 19. a5 b5 20. a6 Bxa6 21. Rxa6 Nd4 22. cxd4 Bxd4+ 23. Kh1 Qxa6 24. Nd2 Qa2 25. Nf3 Qxb2 26. Nxd4 Qxd4 27. Bxb5 Qb4 28. Bd3 c4 29. Qxc4 Qxc4 30. Bxc4 Rd4 31. Ba6 Rfd8 32. Kg1 R8d6 33. Bb5 Rd1 34. e5 R6d4 35. Rxd1 Rxd1+ 36. Kf2 a5 37. Ke2 Rd4 38. Be1 Re4+ 39. Kd1 a4 40. Bd2 a3 41. Kc2 a2 42. Kb2 Rd4 43. Bc3 Rxf4 44. Kxa2 Rf2+ 45. Kb3 Rxg2 46. h3 Rg3 47. Bf1 Rf3 48. Bg2 Rf2 49. Bc6 Rh2 50. e6 fxe6 51. Be5 Rxh3+ 52. Kc2 Rh5 53. Bd4 e5 54. Be3 Kf7 55. Kd3 Kf6 56. Ke4 Rh4+ 57. Kf3 h5 58. Kg3 Rc4 59. Bf3 h4+ 60. Kf2 g5 61. Be2 Ra4 62. Bd1 Rb4 63. Be2 g4 64. Bf1 Kf5 65. Bd3+ e4 

0-1

[Event "World Cup"]
[Site "?"]
[Date "2007.12.03"]
[Round "?"]
[White "Akopian, Vladimir"]
[Black "Shirov, Alexei"]
[WhiteElo "2713"]
[BlackElo "2739"]
[Result "0-1"]

1. e4 c5 2. Nf3 Nc6 3. Bb5 e6 4. O-O Nge7 5. b3 a6 6. Bxc6 Nxc6 7. Bb2 b5 8. c4 bxc4 9. bxc4 Rb8 10. Bc3 d6 11. Na3 e5 12. Nc2 g6 13. Ne3 Bh6 14. Qa4 Bd7 15. Rfb1 Bxe3 16. fxe3 Nd4 17. Qxa6 Ne2+ 18. Kf2 Nxc3 19. dxc3 Ke7 20. Nd2 Ra8 21. Qb7 Qa5 22. Qb2 Rhb8 23. Qc2 Rxb1 24. Nxb1 Rb8 25. Nd2 Qa4 26. Rc1 Qxc2 27. Rxc2 Ba4 28. Nb3 Bc6 29. Nd2 Ba4 30. Nb3 h5 31. Ke1 h4 32. Kd2 Bc6 33. Kd3 f5 34. exf5 gxf5 35. Rf2 Ke6 36. Ke2 Ra8 37. Ke1 Ra4 38. g3 hxg3 39. hxg3 Be4 40. Rh2 Rxc4 41. Kd2 Ra4 42. Kc1 c4 43. Na1 Ra8 44. Rd2 Rg8 45. a4 Rxg3 46. Nc2 Bxc2 47. Rxc2 Rxe3 48. a5 Kd7 49. a6 Kc7 

0-1

[Event "Amber Blindfold"]
[Site "?"]
[Date "2001.03.17"]
[Round "?"]
[White "Van Wely, Loek"]
[Black "Shirov, Alexei"]
[WhiteElo "2700"]
[BlackElo "2718"]
[Result "0-1"]

1. d4 d5 2. c4 dxc4 3. e4 Nf6 4. e5 Nd5 5. Bxc4 Nb6 6. Bd3 Nc6 7. Ne2 Be6 8. Nbc3 Bc4 9. Bxc4 Nxc4 10. Qb3 Nb6 11. e6 fxe6 12. Qxe6 Qd7 13. Qe4 O-O-O 14. O-O e6 15. Bf4 Nd5 16. Bg3 g6 17. Na4 b6 18. a3 Bh6 19. b4 Kb7 20. Nb2 Qf7 21. Qc2 Qf5 22. Nd3 e5 23. b5 Nxd4 24. Nxd4 exd4 25. Qc6+ Kc8 26. Nb4 Nf4 27. Rac1 Qe5 28. Rfe1 Qd6 29. Qa8+ Kd7 30. Qxa7 Rhe8 31. Rxe8 Rxe8 32. Na6 Ne2+ 33. Kf1 Nxg3+ 34. hxg3 Bxc1 

0-1

[Event "Amber Rapid"]
[Site "?"]
[Date "2003.03.23"]
[Round "?"]
[White "Ivanchuk, Vassily"]
[Black "Shirov, Alexei"]
[WhiteElo "2699"]
[BlackElo "2723"]
[Result "0-1"]

1. e4 c5 2. Nf3 d6 3. d4 cxd4 4. Nxd4 Nf6 5. Nc3 a6 6. Be3 Ng4 7. Bg5 h6 8. Bh4 g5 9. Bg3 Bg7 10. h3 Nf6 11. Qf3 Qb6 12. O-O-O Nc6 13. Nxc6 Qxc6 14. Be2 Nd7 15. Nd5 Ne5 16. Qa3 Rb8 17. Rd4 b5 18. Rhd1 Qb7 19. f4 gxf4 20. Bxf4 Be6 21. Qg3 Ng6 22. R4d2 O-O 23. Be3 Kh7 24. Rf1 b4 25. Rf5 Bxf5 26. exf5 Ne5 27. f6 exf6 28. Qh4 Ng6 29. Bd3 Rbe8 30. Qf2 Re5 31. Nf4 Rfe8 32. Re2 f5 33. Nh5 Qd5 34. Nxg7 Kxg7 35. Bd4 f4 36. b3 a5 37. Bc4 Qc6 38. Bxe5+ Rxe5 39. Qa7 Rf5 40. Kb1 f3 41. gxf3 Qxf3 42. Re1 Qc3 43. Rd1 Ne5 44. Bd5 Qxh3 45. Be6 Qf3 46. Rxd6 Qh1+ 47. Kb2 Rf1 

0-1

[Event "Amber Rapidplay"]
[Site "?"]
[Date "2000.03.19"]
[Round "?"]
[White "Karpov, Anatoly"]
[Black "Shirov, Alexei"]
[WhiteElo "2696"]
[BlackElo "2751"]
[Result "0-1"]

1. d4 d5 2. c4 c6 3. Nf3 Nf6 4. e3 e6 5. Nbd2 Nbd7 6. b3 Bd6 7. Qc2 O-O 8. Bb2 Qe7 9. Bd3 e5 10. cxd5 cxd5 11. dxe5 Nxe5 12. Nxe5 Bxe5 13. O-O Bg4 14. Rac1 Rac8 15. Qb1 Bh5 16. Rxc8 Rxc8 17. Rc1 Rxc1+ 18. Qxc1 Bxb2 19. Qxb2 Bg6 20. Be2 Qc7 21. b4 h6 22. h3 a5 23. bxa5 Qxa5 24. a3 Ne4 25. Nxe4 Bxe4 26. Bb5 Qb6 27. Qb4 Qc7 28. Qb2 Qb6 29. a4 Bd3 30. Qb4 Bc4 31. h4 h5 32. g3 g6 33. Kg2 Qe6 34. Qb1 Bxb5 35. Qxb5 d4 36. exd4 Qe4+ 37. Kg1 Qxd4 38. a5 Qd2 39. Kg2 Kg7 40. Kf3 Qd1+ 41. Kg2 Qd2 42. Qe5+ Kg8 43. Qc5 Kg7 44. Kf3 Qd3+ 45. Kf4 Kg8 46. Qc8+ Kg7 47. Qc5 Kg8 48. Kg5 Kg7 49. Qe5+ Kh7 50. Qc5 Qf3 51. Qe5 f6+ 

0-1

[Event "Vladimir Petrov Memorial"]
[Site "?"]
[Date "2013.02.16"]
[Round "?"]
[White "Grachev, Boris"]
[Black "Shirov, Alexei"]
[WhiteElo "2693"]
[BlackElo "2709"]
[Result "0-1"]

1. d4 Nf6 2. Nf3 e6 3. c4 b6 4. Nc3 Bb7 5. a3 g6 6. Qc2 Bxf3 7. exf3 Nc6 8. Be3 Bg7 9. O-O-O O-O 10. g4 d5 11. Kb1 Na5 12. cxd5 Nxd5 13. h4 Nxc3+ 14. Qxc3 c5 15. Qd3 cxd4 16. Bxd4 Bxd4 17. Qxd4 Qxd4 18. Rxd4 Rad8 19. Rd3 Nc6 20. Rc3 Rd1+ 21. Kc2 Rd6 22. f4 Rfd8 23. Rd3 Rf8 24. Rc3 Rfd8 25. Rd3 Rxd3 26. Bxd3 Rd4 27. f5 Rxg4 28. fxe6 Nd4+ 29. Kd2 Nxe6 30. h5 Kg7 31. hxg6 hxg6 32. Ke3 Rd4 33. Rc1 Rd7 34. b4 Kf6 35. a4 Re7 36. Rc6 Rc7 37. Rxc7 Nxc7 38. Kd4 Ke7 39. a5 f6 

0-1

[Event "Bundesliga"]
[Site "?"]
[Date "2001.02.18"]
[Round "?"]
[White "Kasimdzhanov, Rustam"]
[Black "Shirov, Alexei"]
[WhiteElo "2690"]
[BlackElo "2746"]
[Result "0-1"]

1. e4 c5 2. Nf3 d6 3. d4 cxd4 4. Nxd4 Nf6 5. Nc3 a6 6. Bg5 e6 7. Qd3 Nc6 8. O-O-O Bd7 9. f4 Rc8 10. f5 Nb4 11. Qh3 Qa5 12. Bxf6 gxf6 13. a3 Rxc3 14. bxc3 Qxa3+ 15. Kd2 Na2 16. fxe6 fxe6 17. Nxe6 Ke7 18. Bc4 Bh6+ 19. Ke1 Qxc3+ 20. Qxc3 Nxc3 21. Rd3 Rc8 22. Rxc3 Bxe6 23. Bxe6 Rxc3 24. Bb3 Re3+ 25. Kf2 Rxe4 26. Bd5 Rf4+ 27. Kg3 Rb4 28. Bg8 Bf4+ 29. Kf3 Be5 30. Bxh7 a5 31. Bg8 a4 32. Re1 b5 

0-1